000 00460nam a2200193 a 4500
001 6498
003 CO-ViMGA
008 141112s2004 ck r 000 u spa d
040 _aCO-ViMGA
_bspa
_cCO-ViMGA
082 0 4 _a659.19 D142
100 1 _aDahdá, Jorge
_95319
245 1 0 _aPublicidad turística
260 _aMexico :
_bTrillas,
_c1990
300 _a135 p
490 _aTrillas turismo
650 1 4 _aPUBLICIDAD
650 1 4 _aTURISMO
942 _2ddc
_cBK
999 _c18468
_d18468